000 01327nam0a22003251 4500
001 rc\3179642
005 20120628145238.4
021 _aRU
_b76-43764
021 _aRU
_bРг13247-76
035 _a(NLR Aleph) 007333427
090 _a6033478
_c6033478
100 _a20120628d1975 |||y0rusy50 ca
101 0 _arus
102 _aRU
105 _aa z |||||
200 1 _aМатематическое описание производственных элементов мясной и молочной промышленности
_e[Метод. материалы]
_fИн-т проблем упр.
210 _aМосква
_cБ. и.
_d1975
215 _a45 с.
_cил.
_d20
225 1 _aПроблемы прикладной математической экономики
300 _aНа обороте тит. л.: Разраб. О.И. Буеверов, Ю.Н. Иванов, А.П. Уздемир
320 _aБиблиогр.: с. 45
702 1 _aИванов
_bЮ. Н.
_4570
702 1 _aБуеверов
_bО. И.
_gОлег Ильич
_4570
702 1 _aУздемир
_bА. П.
_4570
712 0 2 _aИнститут проблем управления
_cМосква
_3RU\NLR\AUTH\8813628
801 0 _aRU
_bNLR
_gpsbo
801 1 _aRU
_bELAR
_2rusmarc
852 _aNLR
_j76-4/28060
942 _cBOOK
980 _aNB